Kozier & Erb's fundamentals of nursing : (Record no. 466)

MARC details
000 -LEADER
fixed length control field 02883cam a2200433 i 4500
001 - CONTROL NUMBER
control field 18155697
003 - CONTROL NUMBER IDENTIFIER
control field OSt
005 - DATE AND TIME OF LATEST TRANSACTION
control field 20210219154622.0
008 - FIXED-LENGTH DATA ELEMENTS--GENERAL INFORMATION
fixed length control field 140512t20162016maua b 001 0 eng
010 ## - LIBRARY OF CONGRESS CONTROL NUMBER
LC control number 2014018545
020 ## - INTERNATIONAL STANDARD BOOK NUMBER
International Standard Book Number 9780133974362
020 ## - INTERNATIONAL STANDARD BOOK NUMBER
International Standard Book Number 0133974367
035 ## - SYSTEM CONTROL NUMBER
System control number (DNLM)101632435
040 ## - CATALOGING SOURCE
Original cataloging agency DNLM/DLC
Transcribing agency DLC
Description conventions rda
Modifying agency DLC
-- PHNSL
042 ## - AUTHENTICATION CODE
Authentication code pcc
050 00 - LIBRARY OF CONGRESS CALL NUMBER
Classification number RT41
Item number .K72 2016
060 10 - NATIONAL LIBRARY OF MEDICINE CALL NUMBER
Classification number WY 100
082 00 - DEWEY DECIMAL CLASSIFICATION NUMBER
Classification number 610.73
Edition number 23
100 1# - MAIN ENTRY--PERSONAL NAME
Personal name Berman, Audrey,
Relator term author.
245 10 - TITLE STATEMENT
Title Kozier & Erb's fundamentals of nursing :
Remainder of title concepts, process, and practice /
Statement of responsibility, etc. Audrey Berman, Shirlee J. Snyder, and Geralyn Frandsen,
246 1# - VARYING FORM OF TITLE
Title proper/short title Kozier and Erb's fundamentals of nursing
246 1# - VARYING FORM OF TITLE
Title proper/short title Fundamentals of nursing
250 ## - EDITION STATEMENT
Edition statement Tenth edition.
264 #1 - PRODUCTION, PUBLICATION, DISTRIBUTION, MANUFACTURE, AND COPYRIGHT NOTICE
Place of production, publication, distribution, manufacture Boston :
Name of producer, publisher, distributor, manufacturer Pearson,
Date of production, publication, distribution, manufacture, or copyright notice 2016.
300 ## - PHYSICAL DESCRIPTION
Extent xxvi, 1486 pages :
Other physical details illustrations (some color) ;
Dimensions 28 cm.
336 ## - CONTENT TYPE
Content type term text
Source rdacontent
337 ## - MEDIA TYPE
Media type term unmediated
Source rdamedia
338 ## - CARRIER TYPE
Carrier type term volume
Source rdacarrier
504 ## - BIBLIOGRAPHY, ETC. NOTE
Bibliography, etc. note Includes bibliographical references and index.
505 0# - FORMATTED CONTENTS NOTE
Formatted contents note Historical and contemporary nursing practice -- Evidence-based practice and research in nursing -- Nursing theories and conceptual frameworks -- Legal aspects of nursing -- Values, ethics, and advocacy -- Health care delivery systems -- Community nursing and care continuity -- Home care -- Electronic health records and information technology -- Critical thinking and clinical reasoning -- Assessing -- Diagnosing -- Planning -- Implementing and evaluating -- Documenting and reporting -- Health promotion -- Health, wellness, and illness -- Culturally responsive nursing care -- Complementary and alternative healing modalities -- Concepts of growth and development -- Promoting health from conception through adolescence -- Promoting health in young and middle-aged adults -- Promoting health in older adults -- Promoting family health -- Caring -- Communicating -- Teaching -- Leading, managing, and delegating -- Vital signs -- Health assessment -- Asepsis -- Safety -- Hygiene -- Diagnostic testing -- Medications -- Skin integrity and wound care -- Perioperative nursing -- Sensory perception -- Self-concept -- Sexuality -- Spirituality -- Stress and coping -- Loss, grieving, and death -- Activity and exercise -- Sleep -- Pain management -- Nutrition -- Urinary elimination -- Fecal elimination -- Oxygenation -- Circulation -- Fluid, electrolyte, and acid-base balance.
650 12 - SUBJECT ADDED ENTRY--TOPICAL TERM
Topical term or geographic name entry element Nursing Process.
650 22 - SUBJECT ADDED ENTRY--TOPICAL TERM
Topical term or geographic name entry element Nursing Care.
650 22 - SUBJECT ADDED ENTRY--TOPICAL TERM
Topical term or geographic name entry element Nursing Theory.
700 1# - ADDED ENTRY--PERSONAL NAME
Personal name Snyder, Shirlee,
Relator term author.
700 1# - ADDED ENTRY--PERSONAL NAME
Personal name Frandsen, Geralyn,
Relator term author.
906 ## - LOCAL DATA ELEMENT F, LDF (RLIN)
a 7
b cbc
c orignew
d 1
e ecip
f 20
g y-gencatlg
942 ## - ADDED ENTRY ELEMENTS (KOHA)
Source of classification or shelving scheme Library of Congress Classification
Koha item type Books
Holdings
Withdrawn status Lost status Source of classification or shelving scheme Damaged status Not for loan Home library Current library Shelving location Date acquired Total Checkouts Full call number Barcode Date last seen Copy number Price effective from Koha item type Public note
    Library of Congress Classification     Public Health Nurses School Public Health Nurses School General Stacks 02/19/2021   RT41.B45 00748 02/19/2021 c.1 02/19/2021 Books kd 19/02/21
    Library of Congress Classification     Public Health Nurses School Public Health Nurses School General Stacks 02/19/2021   RT41.B45 00749 02/19/2021 c.2 02/19/2021 Books kd 19/02/21
    Library of Congress Classification     Public Health Nurses School Public Health Nurses School General Stacks 02/19/2021   RT41.B45 00750 02/19/2021 c.3 02/19/2021 Books kd 19/02/21
    Library of Congress Classification     Public Health Nurses School Public Health Nurses School General Stacks 02/19/2021   RT41.B45 00751 02/19/2021 c.4 02/19/2021 Books kd 19/02/21
    Library of Congress Classification     Public Health Nurses School Public Health Nurses School General Stacks 02/19/2021   RT41.B45 00752 02/19/2021 c.5 02/19/2021 Books kd 19/02/21
    Library of Congress Classification     Public Health Nurses School Public Health Nurses School General Stacks 02/19/2021   RT41.B45 00753 02/19/2021 c.6 02/19/2021 Books kd 19/02/21
    Library of Congress Classification     Public Health Nurses School Public Health Nurses School General Stacks 02/19/2021   RT41.B45 00754 02/19/2021 c.7 02/19/2021 Books kd 19/02/21
    Library of Congress Classification     Public Health Nurses School Public Health Nurses School General Stacks 02/19/2021   RT41.B45 00755 02/19/2021 c.8 02/19/2021 Books kd 19/02/21
    Library of Congress Classification     Public Health Nurses School Public Health Nurses School General Stacks 02/19/2021   RT41.B45 00763 02/19/2021 c.9 02/19/2021 Books kd 19/02/21
Copyright © 2025 PHNS Library. All Rights Reserved.